000
00330nam a22001457a 4500
008
210527b ||||| |||| 00| 0 eng d
020
_a
1578391121
041
_a
eng
080
_a
338
082
_a
338
100
_a
53
101
_a
MEN
245
_a
Understanding and Managing Under APCs
_c
Julie Micheletti
942
_2
udc
_c
BK
999
_c
57669
_d
57669